Текст томруулах:    
Silk, 13th to 18th centuries (Бичлэгийн дугаар. 144469)
000 -УДИРДЛАГА
Удирдлага 02272nam a2200373 4500
003 - ХЯНАЛТЫН ТОО ТОДОРХОЙЛОГЧ
Код MN-UlNUM
005 - БИЧИЛТ ХИЙСЭН ОГНОО
Тухайн бичилтийг бичсэн засварласан сүүлийн огноо 20251104091839.0
008 - ЕРӨНХИЙ МЭДЭЭЛЭЛ
Ерөнхий мэдээлэл 251021s2004 uk o|||| |||| 00| | eng d
020 ## - ISBN
ISBN 9789992158104
-- 9992158104
040 ## - БИЧЛЭГ ҮҮСГЭГЧ БАЙГУУЛЛАГА
Бичлэг үүсгэгч номын сангийн код МУИС-ийн номын сан
084 ## - ББК АНГИЛАЛ
Нэмэлт тусгалт Нэг сэдэвт бүтээл
Мэдлэгийн ялгаа 85 - Урлаг
ББК ангилал 85(5)
Зохиогчийн гурван тэмдэгт T 46
100 0# - ЗОХИОГЧ
Зохиогчийн нэр Thompson Jon
245 10 - ҮНДСЭН ГАРЧИГ
Номын нэр Silk, 13th to 18th centuries
Бага гарчгийн мэдээ Treasures from the Museum of Islamic Art, Qatar
260 ## - ГАРАЛТЫН МЭДЭЭ
Хэвлэгдсэн газар Doha, Qatar
Хэвлэлийн газар National Council for Culture, Arts and Heritage
Хэвлэгдсэн он c2004
300 ## - МАТЕРИАЛЫН ТОДОРХОЙЛОЛТ
хуудасны тоо 96 p. :
Бусад тоон мэдээлэл col. ill., 1 map ;
Хэмжээ 35 cm
500 ## - Тайлбар
Дансны дугаар ГФ 20914
505 ## - Агуулгын тэмдэглэгээ
Агуулгын тэмдэглэгээ Remarkably few of the silk textiles made for the great palaces of the Islamic world survive today. The collection of the Museum of Islamic Art contains silks that express the wonders of our past, the imagination of our artists and the skill of our weavers and dyers. An example is a superb curtain decorated with calligraphy, which adorned the walls of the Alhambra in Granada during the time of the fifteenth-century Nasrid rulers of Spain and is in pristine condition. The weaving of silk velvet and embellishment with gold and silver thread reached their artistic zenith in Safavid Iran in the sixteenth century under Shah Tahmasp, and the Museum has two different loom widths of velvet from the imperial workshops, one depicting a standing princess and kneeling courtier, the other with court ladies in a garden. Four other silks from the collection provide a glimpse into the splendour of the Ottoman court. Perhaps my favourite textile (detail opposite) is a small but truly great work of art, woven in the samit technique, which comes from the era of the Sultanate rulers who governed India from the thirteenth to fifteenth centuries. This panel, possibly once part of a wall decoration, and depicting a reciprocal pattern of interlocking birds, is a masterpiece of design by any standards.
546 ## - ХЭЛНИЙ ТУХАЙ МЭДЭЭ
Хэл Англи хэл дээр,
653 ## - Түлхүүр үг
Түлхүүр үг art
653 ## - Түлхүүр үг
Түлхүүр үг silk
653 ## - Түлхүүр үг
Түлхүүр үг fabulous silk costumes
653 ## - Түлхүүр үг
Түлхүүр үг silk textiles
740 ## - НОМЫН ГАРЧИГ
Гарчиг Map
740 ## - НОМЫН ГАРЧИГ
Гарчиг Catalogue
740 ## - НОМЫН ГАРЧИГ
Гарчиг Spain
740 ## - НОМЫН ГАРЧИГ
Гарчиг Ottoman Empire
740 ## - НОМЫН ГАРЧИГ
Гарчиг Iran
740 ## - НОМЫН ГАРЧИГ
Гарчиг India
740 ## - НОМЫН ГАРЧИГ
Гарчиг Central Asia
740 ## - НОМЫН ГАРЧИГ
Гарчиг Related examples
740 ## - НОМЫН ГАРЧИГ
Гарчиг Glossary
942 ## - ЭЛЕМЕНТИЙН ТӨРӨЛ
Зүйлийн төрөл Ном